Temas atuais e polm̊icos do direito de faml̕ia e sucesse̳s

Bibliographic Details
Main Author: Guerreiro Milhoranza, Marińgela
Other Authors: Madaleno, Rolf
Format: eBook
Language:Portuguese
Published: [Brasil] : Novatez, 2010
Subjects:
Online Access:Acceso restringido

MARC

LEADER 00000nam a22000007a 4500
005 20110824125717.0
008 110824t2010 bl |s|||| 00| 0 por d
020 |a 9788599315200  
035 |a 5682 
040 |a vLex 
090 |c 2258  |d 2258 
100 1 |a Guerreiro Milhoranza, Marińgela 
245 1 0 |a Temas atuais e polm̊icos do direito de faml̕ia e sucesse̳s  |c Marińgela Guerreiro Milhoranza, Rolf Madaleno   |h [Recurso electrn̤ico] / 
256 |a Servicio en ln̕ea. 
260 |a [Brasil] :  |b Novatez,  |c 2010 
500 |a Nesta obra, temas atuais e relevantes atinentes ̉seara do Direito de Faml̕ia e do Direito das Sucesse̳s sô trazidos ao leitor. Nesse passo, o livro est ̀repleto de categorizada doutrina, alm̌ da jurisprudn̊cia comentada sobre assuntos rigorosamente tortuosos e atuais: o bem de faml̕ia do devedor celibatr̀io e a guarda compartilhada.  
506 1 |a Contenido solo disponible en los productos indicados  |d vLex Global  |d vLex Global (Academic Edition, excluding Law Schools)  |d vLex Global (U.S. Academic Edition, Law Schools)  |d vLex Global (U.S. Academic Edition, excluding Law Schools)  |d vLex Global (Academic Edition, Law Schools) 
650 0 4 |a Derecho de familia 
650 0 4 |a Herencias y sucesiones 
700 1 |a Madaleno, Rolf 
740 0 |a vLex Libros (Servicio en ln̕ea) 
856 4 0 |u http://vlex.com/source/temas-polemicos-direito-familia-sucessoes-5682  |z Acceso restringido 
942 |c BOOK